<?xml version="1.0" encoding="UTF-8"?>
<record
    xmlns:xsi="http://www.w3.org/2001/XMLSchema-instance"
    xsi:schemaLocation="http://www.loc.gov/MARC21/slim http://www.loc.gov/standards/marcxml/schema/MARC21slim.xsd"
    xmlns="http://www.loc.gov/MARC21/slim">

  <leader>01386    a2200229   4500</leader>
  <controlfield tag="001">22371</controlfield>
  <controlfield tag="005">20260407155514.0</controlfield>
  <controlfield tag="008">260407a2003    arg                 spa d</controlfield>
  <controlfield tag="003">AR-UNSa-BCEJYS</controlfield>
  <datafield tag="040" ind1=" " ind2=" ">
    <subfield code="a">AR-UNSa-BCEJYS</subfield>
    <subfield code="b">spa</subfield>
    <subfield code="c">AR-UNSa-BCEJYS</subfield>
  </datafield>
  <datafield tag="080" ind1=" " ind2=" ">
    <subfield code="a">658.16</subfield>
    <subfield code="x">Reorganizaci&#xF3;n financiera (Proyectos de inversi&#xF3;n)</subfield>
  </datafield>
  <datafield tag="245" ind1="1" ind2="0">
    <subfield code="a">Preparaci&#xF3;n y evaluaci&#xF3;n de proyectos</subfield>
  </datafield>
  <datafield tag="020" ind1=" " ind2=" ">
    <subfield code="a">978-970-10-4248-9</subfield>
  </datafield>
  <datafield tag="250" ind1=" " ind2=" ">
    <subfield code="a">4a. ed</subfield>
  </datafield>
  <datafield tag="264" ind1=" " ind2="1">
    <subfield code="a">M&#xE9;xico :</subfield>
    <subfield code="b">McGraw-Hill</subfield>
    <subfield code="c">2003</subfield>
  </datafield>
  <datafield tag="300" ind1=" " ind2=" ">
    <subfield code="a">408 p.</subfield>
    <subfield code="c">23 cm.</subfield>
  </datafield>
  <datafield tag="505" ind1=" " ind2=" ">
    <subfield code="a">1. El estudio de los proyectos - 2. El proceso de preparaci&#xF3;n y evaluaci&#xF3;n de proyectos - 3. Estructura econ&#xF3;mica del mercado - 4. El estudio de mercado - 5. T&#xE9;cnicas de proyecci&#xF3;n del mercado - 6. Estimaci&#xF3;n de costos - 7. Antecedentes econ&#xF3;micos del estudio t&#xE9;cnico - 8. La determinaci&#xF3;n del tama&#xF1;o - 9. Decisiones de localizaci&#xF3;n - 10. Efectos econ&#xF3;micos de los aspectos organizacionales - 11. Antecedentes econ&#xF3;micos del estudio legal - 12. Las inversiones del proyecto - 13. Beneficios del proyecto - 14. Construcci&#xF3;n de flujo de caja - 15. Criterios de evaluaci&#xF3;n de proyectos- 16. Tasa de descuento - 17. An&#xE1;lisis de riesgo - 18. An&#xE1;lisis de sensibilidad - 19. Preparaci&#xF3;n y evaluaci&#xF3;n social de proyectos.</subfield>
  </datafield>
  <datafield tag="942" ind1=" " ind2=" ">
    <subfield code="c">BK</subfield>
  </datafield>
  <datafield tag="590" ind1=" " ind2=" ">
    <subfield code="a">niveau_biblio:m niveau_hierar:0</subfield>
  </datafield>
  <datafield tag="100" ind1="1" ind2=" ">
    <subfield code="a">Sapag Chain, Nassir</subfield>
  </datafield>
  <datafield tag="700" ind1="1" ind2=" ">
    <subfield code="a">Sapag Chain, Reinaldo</subfield>
  </datafield>
  <datafield tag="999" ind1=" " ind2=" ">
    <subfield code="c">989</subfield>
    <subfield code="d">989</subfield>
  </datafield>
  <datafield tag="952" ind1=" " ind2=" ">
    <subfield code="0">0</subfield>
    <subfield code="1">0</subfield>
    <subfield code="4">0</subfield>
    <subfield code="7">0</subfield>
    <subfield code="a">BCEJYS</subfield>
    <subfield code="b">BCEJYS</subfield>
    <subfield code="c">16</subfield>
    <subfield code="d">2026-04-07</subfield>
    <subfield code="l">0</subfield>
    <subfield code="o">658.16 S241 4ed.</subfield>
    <subfield code="p">L87787</subfield>
    <subfield code="r">2026-04-07 15:55:14</subfield>
    <subfield code="w">2026-04-07</subfield>
    <subfield code="y">L</subfield>
  </datafield>
  <datafield tag="952" ind1=" " ind2=" ">
    <subfield code="0">0</subfield>
    <subfield code="1">0</subfield>
    <subfield code="4">0</subfield>
    <subfield code="7">0</subfield>
    <subfield code="a">BCEJYS</subfield>
    <subfield code="b">BCEJYS</subfield>
    <subfield code="c">16</subfield>
    <subfield code="d">2026-04-07</subfield>
    <subfield code="l">0</subfield>
    <subfield code="o">658.16 S241 4ed.</subfield>
    <subfield code="p">L87789</subfield>
    <subfield code="r">2026-04-07 15:55:14</subfield>
    <subfield code="w">2026-04-07</subfield>
    <subfield code="y">L</subfield>
    <subfield code="z">CANTO MANCHADO CON ROJO - L&#xC1;PIZ LEVE</subfield>
  </datafield>
  <datafield tag="952" ind1=" " ind2=" ">
    <subfield code="0">0</subfield>
    <subfield code="1">0</subfield>
    <subfield code="4">0</subfield>
    <subfield code="7">0</subfield>
    <subfield code="a">BCEJYS</subfield>
    <subfield code="b">BCEJYS</subfield>
    <subfield code="c">16</subfield>
    <subfield code="d">2026-04-07</subfield>
    <subfield code="l">0</subfield>
    <subfield code="o">658.16 S241 4ed.</subfield>
    <subfield code="p">L87788</subfield>
    <subfield code="r">2026-04-07 15:55:14</subfield>
    <subfield code="w">2026-04-07</subfield>
    <subfield code="y">L</subfield>
    <subfield code="z">UN POCO H&#xDA;MEDO EN CANTO SUPERIOR - L&#xC1;PIZ</subfield>
  </datafield>
  <datafield tag="952" ind1=" " ind2=" ">
    <subfield code="0">0</subfield>
    <subfield code="1">0</subfield>
    <subfield code="4">0</subfield>
    <subfield code="7">0</subfield>
    <subfield code="a">BCEJYS</subfield>
    <subfield code="b">BCEJYS</subfield>
    <subfield code="c">16</subfield>
    <subfield code="d">2026-04-07</subfield>
    <subfield code="l">0</subfield>
    <subfield code="o">658.16 S241 4ed.</subfield>
    <subfield code="p">L87790</subfield>
    <subfield code="r">2026-04-07 15:55:14</subfield>
    <subfield code="w">2026-04-07</subfield>
    <subfield code="y">L</subfield>
    <subfield code="z">L&#xC1;PIZ LEVE - DESDE P&#xC1;G 405 A FINAL H&#xDA;MEDAS EN CANTO SUPERIOR - P&#xC1;GINA 33 H&#xDA;MEDA EN ESQUINA INFERIOR</subfield>
  </datafield>
  <datafield tag="952" ind1=" " ind2=" ">
    <subfield code="0">0</subfield>
    <subfield code="1">0</subfield>
    <subfield code="4">0</subfield>
    <subfield code="7">0</subfield>
    <subfield code="a">BCEJYS</subfield>
    <subfield code="b">BCEJYS</subfield>
    <subfield code="c">16</subfield>
    <subfield code="d">2026-04-07</subfield>
    <subfield code="l">0</subfield>
    <subfield code="o">658.16 S241 4ed.</subfield>
    <subfield code="p">L87791</subfield>
    <subfield code="r">2026-04-07 15:55:14</subfield>
    <subfield code="w">2026-04-07</subfield>
    <subfield code="y">L</subfield>
    <subfield code="z">HOJAS CON MANCHAS - L&#xC1;PIZ</subfield>
  </datafield>
</record>
